Normale Ansicht MARC-Ansicht ISBD

Als Frankfurter Schulen als Lazarette dienten: (Titelsatznr. 80544)

[ MARC ]
MARC-Details
000 -Satzkennung
Kontrollfeld mit fester Länge 00806nam a22001937a 4500
008 - Feld mit fester Länge zur physischen Beschreibung - Allgemeine Angaben
Kontrollfeld mit fester Länge 201130b ||||| |||| 00| 0 eng d
040 ## - Katalogisierungsquelle
Katalogisierungssprache ger
Übertragungsstelle STAFF
Beschreibungsfestlegungen rda
Original-Katalogisierungsstelle STAFF
041 ## - Sprachcode
Sprachcode des Textes/der Tonspur oder des separaten Titels ger
100 ## - Person oder Familie als 1. geistiger Schöpfer
Personenname Weber-Rath, Ines:
245 ## - Titel
Haupttitel Als Frankfurter Schulen als Lazarette dienten:
Titelzusatz Stadtgeschichte: Der damals 14-jährige Fritz Reinstädler hat im Juli 1944 einen Stadtrundgang durch Frankfurt in einem Schulaufsatz aufwändig verarbeitet/
Verantwortlichkeitsangabe Ines Weber-Rath
600 ## - Nebeneintragung unter einem Schlagwort - Personenname
Personenname Reinstädler, Fritz
Datumsangaben in Verbindung mit einem Namen (1930-1964)
650 ## - Nebeneintragung unter einem Schlagwort - Sachschlagwort
Quelle der Ansetzung oder des Terms Frankfurt (Oder)
653 ## - Lokales Schlagwort
Nicht-normierter Term Stadtgeschichte
773 ## - Übergeordnete Einheit
Ort, Verlag und Erscheinungsjahr Frankfurt (Oder): Märkisches Verlags- und Druckhaus GmbH & Co KG
Verknüpfungsangaben 32. Jahrgang (2021) Nr. 4 vom 06.01.2021, S. 15
Titel Märkische Oderzeitung
942 ## - Zusätzliche Felder (Koha)
Koha-Medientyp Aufsätze
Exemplare
Ausgeschieden Verloren Beschädigt Nicht entleihbar Permanenter Standort Aktueller Standort Aufstellungsort Eingabedatum Anzahl Ausleihen Signatur Letzte Aktivität Preis gültig von Medientyp
        Stadtarchiv Frankfurt (Oder) | Archivbibliothek Stadtarchiv Frankfurt (Oder) | Archivbibliothek Magazin 08/01/2021   Z 2 08/01/2021 08/01/2021 Aufsätze